000 00318nam a22001457a 4500
005 20260409153705.0
008 160628b xxu||||| |||| 00| 0 eng d
041 _aeng
082 _b10791
245 _aReserve Bank of India Instructing
260 _bTaxmann
300 _a1241
650 _aManagement
942 _cBK
999 _c4545
_d4544